Phantom of the Opera All I Ask Of You (all lyrics) - Statistics

General Stats
  • This quiz has been taken 95 times
  • The average score is 171 of 210
Answer Stats
Answer % Correct
you
100%
You
100%
I
98%
a
96%
of
96%
all
92%
All
92%
ask
90%
me
90%
No
88%
no
88%
one
88%
to
88%
with
88%
be
87%
more
87%
talk
87%
and
85%
I'm
85%
love
85%
Love
85%
that
85%
the
85%
guide
83%
here
83%
Let
83%
let
83%
Say
83%
say
83%
that's
83%
will
83%
always
81%
darkness
81%
you'll
79%
your
79%
beside
77%
day
77%
harm
77%
every
75%
lifetime
75%
my
75%
need
75%
these
75%
can
73%
fears
73%
forget
73%
freedom
73%
is
73%
moment
73%
share
73%
Share
73%
want
73%
word
73%
do
71%
night
71%
summertime
71%
calm
69%
now
69%
waking
69%
each
67%
follow
67%
hold
67%
know
67%
light
67%
tears
67%
hide
65%
shelter
65%
warm
65%
guard
63%
head
63%
morning
63%
nothing
63%
promise
63%
true
63%
wide-eyed
63%
daylight
62%
dry
62%
world
62%
go
60%
turn
60%
behind
58%
words
58%
safe
56%
solitude
56%
too
56%
far
54%
from
54%
Then
54%
are
52%
find
52%
Christine
50%
you're
50%
anywhere
48%
lead
46%
No matching quizzes found
Score Distribution
Percent of People with Each Score
Percentile by Number Answered
Your Score History
You have not taken this quiz